LEADER 01147nam--2200373---450- 001 990003669340203316 005 20120611110901.0 010 $a978-88-96343-07-4 035 $a000366934 035 $aUSA01000366934 035 $a(ALEPH)000366934USA01 035 $a000366934 100 $a20120611d2010----km-y0itay50------ba 101 $aita 102 $aIT 105 $a||||||||001yy 200 1 $aIntroduzione alla finanza mutualistica$fAgostino La Rana 210 $a[Roma]$cISICOOP$d2010 215 $a189 p.$d24 cm 225 2 $aQuaderni di ricerca sull'impresa cooperativa$v8 410 0$12001$aQuaderni di ricerca sull'impresa cooperativa$v, 8 606 0 $aFinanza etica$2BNCF 676 $a332.6712 700 1$aLA RANA,$bAgostino$0503589 801 0$aIT$bsalbc$gISBD 912 $a990003669340203316 951 $a332.671 LAR 1$b20066 E.C.$c332.671$d00311502 959 $aBK 969 $aECO 979 $aCHIARA$b90$c20120611$lUSA01$h1108 979 $aCHIARA$b90$c20120611$lUSA01$h1108 979 $aCHIARA$b90$c20120611$lUSA01$h1109 996 $aIntroduzione alla finanza mutualistica$91141238 997 $aUNISA LEADER 01378oam 2200373 a 450 001 9910698924203321 005 20101005130430.0 035 $a(CKB)5470000002398636 035 $a(OCoLC)426493962 035 $a(EXLCZ)995470000002398636 100 $a20090720d2009 ua 0 101 0 $aeng 135 $aurbn||||||||| 181 $ctxt$2rdacontent 182 $cc$2rdamedia 183 $acr$2rdacarrier 200 10$aBeyond control$b[electronic resource] $ereforming export licensing agencies for national security and economic interests : hearing before the Oversight of Government Management, the Federal Workforce, and the District of Columbia Subcommittee of the Committee on Homeland Security and Governmental Affairs, United States Senate, One Hundred Tenth Congress, second session, April 24, 2008 210 1$aWashington :$cU.S. G.P.O.,$d2009. 215 $aiv, 149 pages $cdigital, PDF file 225 1 $aS. hrg. ;$v110-831 300 $aTitle from title screen (viewed on July 20, 2009). 320 $aIncludes bibliographical references. 517 $aBeyond control 606 $aExport controls$zUnited States 615 0$aExport controls 801 0$bGPO 801 1$bGPO 801 2$bUBY 801 2$bOCLCQ 801 2$bGPO 906 $aBOOK 912 $a9910698924203321 996 $aBeyond control$92223657 997 $aUNINA